[Event "Chebanenko Memorial Net"]
[Site "Chess.com INT"]
[Date "2020.05.24"]
[Round "7.2"]
[White "Ceres, Dragos"]
[Black "Svetushkin, Dmitry"]
[Result "0-1"]
[WhiteElo "2244"]
[BlackElo "2515"]
[PlyCount "86"]
[EventDate "2020.05.23"]
[EventType "tourn (rapid)"]
[EventRounds "9"]
[EventCountry "MDA"]
[EventCategory "10"]
[SourceTitle "CBM 196 Extra"]
[Source "ChessBase"]
[SourceDate "2020.07.31"]
[SourceVersion "1"]
[SourceVersionDate "2020.07.31"]
[SourceQuality "1"]

1. e4 g6 2. d4 Bg7 3. Nc3 c6 4. f4 d5 5. e5 Qb6 6. Nf3 Bg4 7. Be2 Nh6 8. Na4 Qc7 9. Be3 Nf5 10. Bf2 h5 11. 0-0 Nd7 12. b4 e6 13. Nc5 Nb6 14. c3 Bf8 15. a4 Bh6 16. Qc1 a5 17. bxa5 Rxa5 18. Rb1 Ra7 19. Rb4 Bxf3 20. Bxf3 Nc4 21. h3 b6 22. Rxc4 dxc4 23. Ne4 h4 24. Nf6+ Kd8 25. Qb1 Kc8 26. Qb4 Kb7 27. Qxc4 Rha8 28. Ra1 Ra5 29. Ne4 Bxf4 30. Qb4 Ka7 31. Rb1 Rb8 32. c4 Nxd4 33. Bxd4 c5 34. Qb3 cxd4 35. Nd6 Qc5 36. Nb5+ Ka6 37. Qd3 Rxa4 38. Kh1 Bxe5 39. Qb3 Qxc4 40. Nc7+ Bxc7 41. Be2 Qxe2 42. Qxa4+ Kb7 43. Qxd4 Rd8 0-1

[Event "Chebanenko Memorial Net"]
[Site "Chess.com INT"]
[Date "2020.05.23"]
[Round "2.4"]
[White "Iordachescu, Viorel"]
[Black "Svetushkin, Dmitry"]
[Result "1-0"]
[WhiteElo "2589"]
[BlackElo "2515"]
[PlyCount "87"]
[EventDate "2020.05.23"]
[EventType "tourn (rapid)"]
[EventRounds "9"]
[EventCountry "MDA"]
[EventCategory "10"]
[SourceTitle "CBM 196 Extra"]
[Source "ChessBase"]
[SourceDate "2020.07.31"]
[SourceVersion "1"]
[SourceVersionDate "2020.07.31"]
[SourceQuality "1"]

1. d4 d5 2. c4 c6 3. Nf3 Nf6 4. Nc3 e6 5. g3 dxc4 6. Bg2 b5 7. Ne5 Nd5 8. 0-0 Bb7 9. a4 a6 10. Ne4 Nd7 11. Nxf7 Kxf7 12. Ng5+ Ke7 13. e4 Nc7 14. d5 Nf6 15. d6+ Qxd6 16. Qxd6+ Kxd6 17. Nf7+ Ke7 18. Nxh8 Ke8 19. Bf4 Rc8 20. Be5 Bc5 21. h3 Ke7 22. g4 Nd7 23. Bxg7 Rg8 24. Bc3 e5 25. Kh1 Ne6 26. Rad1 Nf4 27. Nf7 Nd3 28. Nh6 Rf8 29. Nf5+ Rxf5 30. exf5 Nxf2+ 31. Rxf2 Bxf2 32. Bb4+ Nc5 33. axb5 axb5 34. Rd2 Be3 35. Re2 Bd4 36. g5 Kf7 37. Bxc5 Bxc5 38. Rxe5 Bd4 39. Re2 b4 40. h4 Bc8 41. f6 c3 42. bxc3 bxc3 43. Re7+ Kf8 44. Be4 1-0

[Event "Titled Tuesday intern op 12th May"]
[Site "Chess.com INT"]
[Date "2020.05.12"]
[Round "6"]
[White "Svetushkin, Dmitry"]
[Black "Manu David, Suthandram R"]
[Result "1-0"]
[WhiteElo "2515"]
[BlackElo "2360"]
[PlyCount "51"]
[EventDate "2020.05.12"]
[EventType "swiss (blitz)"]
[EventRounds "10"]
[EventCountry "USA"]
[SourceTitle "EXT 2021"]
[Source "ChessBase"]
[SourceDate "2020.10.23"]
[SourceVersion "1"]
[SourceVersionDate "2020.10.23"]
[SourceQuality "1"]

1. e4 c5 2. Nf3 Nc6 3. Bb5 e6 4. Bxc6 bxc6 5. d3 d5 6. Qe2 Ba6 7. c4 Nf6 8. e5 Nd7 9. Nc3 Qa5 10. 0-0 Nb6 11. Bd2 dxc4 12. Qe4 Nd7 13. dxc4 Qc7 14. b3 Be7 15. Rfe1 0-0 16. Bg5 Rfe8 17. Bxe7 Rxe7 18. Rad1 Rae8 19. Rd6 Bb7 20. Red1 h6 21. Qd3 Nf8 22. Ne4 Qa5 23. Qd2 Qa3 24. Nf6+ gxf6 25. exf6 Ng6 26. Qxh6 1-0

[Event "Titled Tuesday intern op 28th Apr"]
[Site "Chess.com INT"]
[Date "2020.04.28"]
[Round "4"]
[White "Niemann, Hans Moke"]
[Black "Svetushkin, Dmitry"]
[Result "1-0"]
[WhiteElo "2465"]
[BlackElo "2515"]
[PlyCount "57"]
[EventDate "2020.04.28"]
[EventType "swiss (blitz)"]
[EventRounds "10"]
[EventCountry "USA"]
[SourceTitle "EXT 2021"]
[Source "ChessBase"]
[SourceDate "2020.10.23"]
[SourceVersion "1"]
[SourceVersionDate "2020.10.23"]
[SourceQuality "1"]

1. d4 d5 2. Bf4 c5 3. Nc3 Nf6 4. e4 dxe4 5. dxc5 Qxd1+ 6. Rxd1 a6 7. Nge2 Bf5 8. Ng3 Bg6 9. h4 h6 10. h5 Bh7 11. b4 Nc6 12. a3 e6 13. Bc4 Be7 14. 0-0 0-0 15. Rfe1 a5 16. b5 Na7 17. c6 bxc6 18. b6 Nb5 19. Bxb5 cxb5 20. b7 Rab8 21. Bxb8 Rxb8 22. Nxb5 Rxb7 23. Nd6 Rc7 24. Ndxe4 Rxc2 25. Nxf6+ gxf6 26. Rd7 Bxa3 27. Nf1 Bb4 28. Re3 Rc1 29. Rd8+ 1-0

[Event "Titled Tuesday intern op 28th Apr"]
[Site "Chess.com INT"]
[Date "2020.04.28"]
[Round "2"]
[White "Svetushkin, Dmitry"]
[Black "Demchenko, Anton"]
[Result "0-1"]
[WhiteElo "2515"]
[BlackElo "2641"]
[PlyCount "52"]
[EventDate "2020.04.28"]
[EventType "swiss (blitz)"]
[EventRounds "10"]
[EventCountry "USA"]
[SourceTitle "CBM 195 Extra"]
[Source "ChessBase"]
[SourceDate "2020.05.31"]
[SourceVersion "1"]
[SourceVersionDate "2020.05.31"]
[SourceQuality "1"]

1. e4 e5 2. Nf3 Nc6 3. Bb5 a6 4. Ba4 Nge7 5. c3 d6 6. d4 Bd7 7. 0-0 Ng6 8. d5 Nb8 9. c4 Be7 10. Nc3 0-0 11. Bxd7 Qxd7 12. Ne1 f5 13. exf5 Qxf5 14. Qe2 Bg5 15. Nd3 Bxc1 16. Raxc1 Nd7 17. g3 Ne7 18. Rce1 Rae8 19. Qe3 Qg6 20. Qd2 Nf5 21. Ne2 Nh4 22. Kh1 Nf3 23. Qe3 Qh5 24. h4 Qg4 25. Ng1 Nxe1 26. Rxe1 Qxc4 0-1

[Event "Titled Tuesday intern op 21st April"]
[Site "Chess.com INT"]
[Date "2020.04.21"]
[Round "8"]
[White "Benkovic, Petar"]
[Black "Svetushkin, Dmitry"]
[Result "1/2-1/2"]
[WhiteElo "2399"]
[BlackElo "2515"]
[PlyCount "79"]
[EventDate "2020.04.21"]
[EventType "swiss (blitz)"]
[EventRounds "10"]
[EventCountry "USA"]
[SourceTitle "EXT 2021"]
[Source "ChessBase"]
[SourceDate "2020.10.23"]
[SourceVersion "1"]
[SourceVersionDate "2020.10.23"]
[SourceQuality "1"]

1. Nf3 Nf6 2. g3 d5 3. Bg2 c6 4. d3 Bf5 5. Nh4 Bg4 6. h3 Bh5 7. g4 Bg6 8. e3 e5 9. Nd2 Bd6 10. Qe2 Qe7 11. Nf1 Nfd7 12. Nxg6 hxg6 13. Bd2 a5 14. f4 a4 15. a3 Na6 16. Ng3 Nc7 17. Rf1 Ne6 18. Kd1 0-0-0 19. c3 Rde8 20. Qf2 Nec5 21. Kc2 e4 22. dxe4 dxe4 23. Qe2 Qe6 24. c4 Nb6 25. Bc3 f6 26. Rad1 Nxc4 27. f5 gxf5 28. Nxf5 Bf8 29. Nd4 Qf7 30. Kb1 Nd3 31. Rxd3 exd3 32. Qxd3 Nxe3 33. Nxc6 Nxg2 34. Qf5+ Qd7 35. Na7+ Kd8 36. Ba5+ Ke7 37. Bb4+ Kd8 38. Ba5+ Ke7 39. Bb4+ Kd8 40. Ba5+ 1/2-1/2

[Event "Titled Tuesday intern op 21st April"]
[Site "Chess.com INT"]
[Date "2020.04.21"]
[Round "7"]
[White "Svetushkin, Dmitry"]
[Black "Kashlinskaya, Alina"]
[Result "0-1"]
[WhiteElo "2515"]
[BlackElo "2494"]
[PlyCount "52"]
[EventDate "2020.04.21"]
[EventType "swiss (blitz)"]
[EventRounds "10"]
[EventCountry "USA"]
[SourceTitle "EXT 2021"]
[Source "ChessBase"]
[SourceDate "2020.10.23"]
[SourceVersion "1"]
[SourceVersionDate "2020.10.23"]
[SourceQuality "1"]

1. e4 e6 2. d4 d5 3. Nc3 Nf6 4. e5 Nfd7 5. f4 c5 6. Nf3 Be7 7. Be3 b6 8. Qd2 0-0 9. h4 Nc6 10. h5 h6 11. 0-0-0 c4 12. g4 b5 13. Ne2 b4 14. Ng3 Qa5 15. Kb1 c3 16. Qg2 cxb2 17. g5 hxg5 18. Bd3 Nb6 19. Ne2 b3 20. cxb3 Nb4 21. Nc3 Nxd3 22. Rxd3 Ba6 23. Rhd1 Rfc8 24. Qxb2 Bxd3+ 25. Rxd3 Nc4 26. Qc1 Bb4 0-1

[Event "Bicaz City Cup"]
[Site "Bicaz"]
[Date "2020.03.07"]
[Round "5"]
[White "Svetushkin, Dmitry"]
[Black "Baltag, Iulian"]
[Result "1-0"]
[WhiteElo "2504"]
[BlackElo "2391"]
[PlyCount "121"]
[EventDate "2020.03.05"]
[EventType "swiss"]
[EventRounds "7"]
[EventCountry "ROU"]
[SourceTitle "CBM 195 Extra"]
[Source "ChessBase"]
[SourceDate "2020.05.31"]
[SourceVersion "1"]
[SourceVersionDate "2020.05.31"]
[SourceQuality "1"]

1. e4 e5 2. Bc4 Nf6 3. d3 c6 4. Nf3 d5 5. Bb3 a5 6. a4 Bb4+ 7. c3 Bd6 8. exd5 cxd5 9. Bg5 Be6 10. Na3 Nbd7 11. Nb5 Bb8 12. d4 e4 13. Nd2 0-0 14. Nf1 h6 15. Bh4 Nb6 16. Qe2 Qd7 17. Bxf6 gxf6 18. Ng3 f5 19. Nh5 Qe7 20. f4 Qh4+ 21. g3 Qh3 22. Bd1 Nd7 23. c4 dxc4 24. Ra3 Nb6 25. Nf6+ Kg7 26. Qf2 Kxf6 27. g4 e3 28. Rxe3 Qxe3+ 29. Qxe3 Nd5 30. Qh3 Bxf4 31. 0-0 Rg8 32. Rxf4 Nxf4 33. Qxh6+ Ng6 34. h4 Ke7 35. h5 Nf8 36. d5 Rd8 37. d6+ Rxd6 38. Nxd6 Kxd6 39. Qf4+ Ke7 40. g5 Nh7 41. Qc7+ Bd7 42. Qc5+ Ke8 43. Qe5+ Kd8 44. Qxa5+ Ke7 45. Qe5+ Be6 46. Qc5+ Ke8 47. Qb5+ Kf8 48. Qc5+ Ke8 49. Qb5+ Kf8 50. Qb4+ Kg7 51. g6 Nf6 52. Qxb7 Bd5 53. Qc7 Re8 54. Bf3 Ne4 55. gxf7 Bxf7 56. h6+ Kf6 57. a5 Ng5 58. Bd5 Rg8 59. Bxf7 Nxf7+ 60. Kf1 Nxh6 61. a6 1-0

[Event "Bicaz City Cup"]
[Site "Bicaz"]
[Date "2020.03.06"]
[Round "2"]
[White "Sachilaru, Alexandru"]
[Black "Svetushkin, Dmitry"]
[Result "0-1"]
[WhiteElo "1745"]
[BlackElo "2504"]
[PlyCount "74"]
[EventDate "2020.03.05"]
[EventType "swiss"]
[EventRounds "7"]
[EventCountry "ROU"]
[SourceTitle "CBM 195 Extra"]
[Source "ChessBase"]
[SourceDate "2020.05.31"]
[SourceVersion "1"]
[SourceVersionDate "2020.05.31"]
[SourceQuality "1"]

1. e4 g6 2. d4 Bg7 3. Nf3 d6 4. c3 Nf6 5. Bd3 0-0 6. h3 Nbd7 7. Be3 e5 8. 0-0 b6 9. Re1 Bb7 10. Nbd2 h6 11. Qc2 Nh5 12. Rad1 Qe7 13. Bf1 Rae8 14. dxe5 dxe5 15. Bc4 Kh8 16. Nh2 Nc5 17. f3 Ne6 18. Ndf1 Nhf4 19. Rd2 f5 20. Kh1 fxe4 21. fxe4 Nc5 22. Ng3 h5 23. b4 h4 24. bxc5 hxg3 25. Ng4 Qh4 26. Bxf4 exf4 27. Rd7 Bc8 28. c6 Re7 29. Rxe7 Bxg4 30. Be6 f3 31. Bxg4 f2 32. Rf1 Qxe7 33. Qd3 Be5 34. c4 Kg7 35. Be2 Rd8 36. Qc2 Qe6 37. Bg4 Qxg4 0-1

[Event "Bicaz City Cup"]
[Site "Bicaz"]
[Date "2020.03.05"]
[Round "1"]
[White "Svetushkin, Dmitry"]
[Black "Olinici, Ecaterina"]
[Result "1-0"]
[WhiteElo "2504"]
[BlackElo "1494"]
[PlyCount "55"]
[EventDate "2020.03.05"]
[EventType "swiss"]
[EventRounds "7"]
[EventCountry "ROU"]
[SourceTitle "CBM 195 Extra"]
[Source "ChessBase"]
[SourceDate "2020.05.31"]
[SourceVersion "1"]
[SourceVersionDate "2020.05.31"]
[SourceQuality "1"]

1. e4 e5 2. Nf3 Nc6 3. Bb5 a6 4. Ba4 Bc5 5. 0-0 d6 6. c3 Bg4 7. h3 Bh5 8. g4 Bg6 9. d4 Ba7 10. Bxc6+ bxc6 11. dxe5 Bxe4 12. Re1 d5 13. Nbd2 f5 14. Nxe4 fxe4 15. Bg5 Qd7 16. Nd4 Bxd4 17. Qxd4 Qe6 18. c4 h5 19. Rad1 hxg4 20. cxd5 cxd5 21. Qxd5 Qxd5 22. Rxd5 gxh3 23. Rxe4 Ne7 24. Rc5 0-0-0 25. Kh2 Rd5 26. Bxe7 Rd2 27. Bh4 g5 28. Bg3 1-0

[Event "MDA-ch"]
[Site "Kishinev"]
[Date "2020.01.31"]
[Round "3"]
[White "Schitco, Ivan"]
[Black "Svetushkin, Dmitry"]
[Result "1/2-1/2"]
[WhiteElo "2467"]
[BlackElo "2518"]
[PlyCount "21"]
[EventDate "2020.01.29"]
[EventType "tourn"]
[EventRounds "9"]
[EventCountry "MDA"]
[EventCategory "8"]
[SourceTitle "CBM 195 Extra"]
[Source "ChessBase"]
[SourceDate "2020.05.31"]
[SourceVersion "1"]
[SourceVersionDate "2020.05.31"]
[SourceQuality "1"]

1. d4 Nf6 2. c4 e6 3. g3 Bb4+ 4. Bd2 Qe7 5. Bg2 Bxd2+ 6. Qxd2 d6 7. e3 e5 8. Ne2 c6 9. Nbc3 0-0 10. h3 Nbd7 11. 0-0 1/2-1/2

[Event "Nis 75th"]
[Site "Nis"]
[Date "2019.12.06"]
[Round "7"]
[White "Svetushkin, Dmitry"]
[Black "Perunovic, Miodrag"]
[Result "1/2-1/2"]
[WhiteElo "2547"]
[BlackElo "2433"]
[PlyCount "25"]
[EventDate "2019.11.30"]
[EventType "tourn"]
[EventRounds "9"]
[EventCountry "SRB"]
[EventCategory "10"]
[SourceTitle "CBM 193 Extra"]
[Source "ChessBase"]
[SourceDate "2020.01.31"]
[SourceVersion "1"]
[SourceVersionDate "2020.01.31"]
[SourceQuality "1"]

1. e4 e6 2. d4 d5 3. Nc3 Bb4 4. e5 c5 5. a3 Bxc3+ 6. bxc3 Qa5 7. Bd2 Qa4 8. Nf3 b6 9. Bd3 Ba6 10. 0-0 Ne7 11. Re1 Bxd3 12. cxd3 Qxd1 13. Rexd1 1/2-1/2

[Event "Nis 75th"]
[Site "Nis"]
[Date "2019.12.04"]
[Round "5"]
[White "Maksimovic, Branimir"]
[Black "Svetushkin, Dmitry"]
[Result "1/2-1/2"]
[WhiteElo "2320"]
[BlackElo "2547"]
[PlyCount "28"]
[EventDate "2019.11.30"]
[EventType "tourn"]
[EventRounds "9"]
[EventCountry "SRB"]
[EventCategory "10"]
[SourceTitle "CBM 193 Extra"]
[Source "ChessBase"]
[SourceDate "2020.01.31"]
[SourceVersion "1"]
[SourceVersionDate "2020.01.31"]
[SourceQuality "1"]

1. e4 c6 2. d4 d5 3. exd5 cxd5 4. Bd3 Nc6 5. c3 Nf6 6. h3 g6 7. Bf4 Bf5 8. Be2 Bg7 9. Nf3 0-0 10. Nbd2 Ne4 11. 0-0 Nxd2 12. Qxd2 Rc8 13. Rfe1 a6 14. Bh6 Qd7 1/2-1/2

[Event "Nis 75th"]
[Site "Nis"]
[Date "2019.12.03"]
[Round "4"]
[White "Svetushkin, Dmitry"]
[Black "Nikolaidis, Ioannis"]
[Result "1/2-1/2"]
[WhiteElo "2547"]
[BlackElo "2531"]
[PlyCount "29"]
[EventDate "2019.11.30"]
[EventType "tourn"]
[EventRounds "9"]
[EventCountry "SRB"]
[EventCategory "10"]
[SourceTitle "CBM 193 Extra"]
[Source "ChessBase"]
[SourceDate "2020.01.31"]
[SourceVersion "1"]
[SourceVersionDate "2020.01.31"]
[SourceQuality "1"]

1. d4 d5 2. c4 c6 3. cxd5 cxd5 4. Nc3 Nf6 5. Nf3 Nc6 6. Bf4 Bf5 7. e3 e6 8. Bd3 Bxd3 9. Qxd3 Bd6 10. Bxd6 Qxd6 11. 0-0 0-0 12. Rfc1 Rfc8 13. Ne2 g6 14. g3 Rc7 15. a3 1/2-1/2

[Event "Nis 75th"]
[Site "Nis"]
[Date "2019.12.01"]
[Round "2"]
[White "Svetushkin, Dmitry"]
[Black "Djukic, Nikola"]
[Result "1/2-1/2"]
[WhiteElo "2547"]
[BlackElo "2507"]
[PlyCount "45"]
[EventDate "2019.11.30"]
[EventType "tourn"]
[EventRounds "9"]
[EventCountry "SRB"]
[EventCategory "10"]
[SourceTitle "CBM 193 Extra"]
[Source "ChessBase"]
[SourceDate "2020.01.31"]
[SourceVersion "1"]
[SourceVersionDate "2020.01.31"]
[SourceQuality "1"]

1. e4 c5 2. Nf3 d6 3. Bb5+ Nd7 4. c3 Ngf6 5. Bd3 e6 6. Bc2 b5 7. d4 Bb7 8. Nbd2 Be7 9. 0-0 Qc7 10. Re1 0-0 11. Bd3 a6 12. Nf1 cxd4 13. cxd4 e5 14. d5 Nh5 15. Be3 Rfc8 16. Qd2 Bd8 17. Rec1 Qa5 18. Rxc8 Rxc8 19. Qxa5 Bxa5 20. a4 b4 21. N1d2 f5 22. Nc4 Bc7 23. Ng5 1/2-1/2

[Event "EU-chT 22nd"]
[Site "Batumi"]
[Date "2019.10.24"]
[Round "1.7"]
[White "Van den Doel, Erik"]
[Black "Svetushkin, Dmitry"]
[Result "1/2-1/2"]
[WhiteElo "2603"]
[BlackElo "2534"]
[PlyCount "65"]
[EventDate "2019.10.24"]
[EventType "team-swiss"]
[EventRounds "9"]
[EventCountry "GEO"]
[SourceTitle "CBM 193"]
[Source "ChessBase"]
[SourceDate "2019.12.31"]
[SourceVersion "1"]
[SourceVersionDate "2019.12.31"]
[SourceQuality "1"]
[WhiteTeam "Netherlands"]
[BlackTeam "Moldova"]
[WhiteTeamCountry "NED"]
[BlackTeamCountry "MDA"]

1. e4 e5 2. Nf3 Nc6 3. Nc3 Nf6 4. d4 exd4 5. Nxd4 Bb4 6. Nxc6 bxc6 7. Bd3 d5 8. exd5 cxd5 9. 0-0 0-0 10. Qf3 c6 11. h3 Bd6 12. Re1 Rb8 13. b3 Nd7 14. Bf4 Nc5 15. Qg3 Bxf4 16. Qxf4 Be6 17. Na4 Nxa4 18. Qxa4 Qc7 19. c4 d4 20. c5 Rfd8 21. Rad1 a5 22. Be4 Rb5 23. Rxd4 Rxc5 24. Rxd8+ Qxd8 25. Bxc6 Qd2 26. Rf1 g6 27. Bf3 Rc2 28. Qb5 Qc3 29. Bd5 Bxd5 30. Qxd5 Rxa2 31. b4 Ra1 32. bxa5 Qxa5 33. Qxa5 1/2-1/2

[Event "Chigorin Memorial 27th"]
[Site "St Petersburg"]
[Date "2019.10.11"]
[Round "7"]
[White "Svetushkin, Dmitry"]
[Black "Yatzenko, Anton"]
[Result "1/2-1/2"]
[WhiteElo "2534"]
[BlackElo "2383"]
[PlyCount "79"]
[EventDate "2019.10.05"]
[EventType "swiss"]
[EventRounds "9"]
[EventCountry "RUS"]
[SourceTitle "EXT 2021"]
[Source "ChessBase"]
[SourceDate "2020.10.23"]
[SourceVersion "1"]
[SourceVersionDate "2020.10.23"]
[SourceQuality "1"]

1. e4 e5 2. Nf3 Nc6 3. Bc4 Bc5 4. 0-0 Nf6 5. d3 d6 6. c3 a6 7. a4 Ba7 8. Re1 h6 9. Nbd2 0-0 10. Nf1 Be6 11. Bxe6 fxe6 12. b4 Qd7 13. Ng3 Qf7 14. Be3 Bxe3 15. Rxe3 Nh5 16. b5 axb5 17. axb5 Ne7 18. Rxa8 Rxa8 19. d4 exd4 20. cxd4 Nf4 21. Qc1 c6 22. Ra3 Rxa3 23. Qxa3 Nc8 24. e5 d5 25. bxc6 bxc6 26. Nf1 Qg6 27. g3 Nh3+ 28. Kg2 Nf4+ 29. Kh1 Qd3 30. Qxd3 Nxd3 31. Kg2 Kf7 32. N1d2 c5 33. dxc5 Nxc5 34. Nd4 g5 35. f4 Ne7 36. Kf3 gxf4 37. gxf4 Kg6 38. Nf1 Nf5 39. Nxf5 Kxf5 40. Ne3+ 1/2-1/2

[Event "Chigorin Memorial 27th"]
[Site "St Petersburg"]
[Date "2019.10.07"]
[Round "3"]
[White "Svetushkin, Dmitry"]
[Black "Gubajdullin, Alexey"]
[Result "0-1"]
[WhiteElo "2534"]
[BlackElo "2345"]
[PlyCount "41"]
[EventDate "2019.10.05"]
[EventType "swiss"]
[EventRounds "9"]
[EventCountry "RUS"]
[SourceTitle "EXT 2020"]
[Source "ChessBase"]
[SourceDate "2019.10.17"]
[SourceVersion "1"]
[SourceVersionDate "2019.10.17"]
[SourceQuality "1"]

1. e4 e5 2. Nf3 Nf6 3. d4 Nxe4 4. dxe5 d5 5. Nbd2 Nxd2 6. Bxd2 Bf5 7. Bd3 Qd7 8. 0-0 Nc6 9. Re1 Bc5 10. a3 0-0 11. b4 Bb6 12. Bg5 Bg4 13. h3 Bh5 14. c3 Rae8 15. Qc2 h6 16. Bh7+ Kh8 17. Bf5 Re6 18. Bh4 Bxf3 19. gxf3 Rfe8 20. f4 Ne7 21. Bd3 0-1

[Event "ROM-chT"]
[Site "Mamaia"]
[Date "2019.09.27"]
[Round "7.5"]
[White "Svetushkin, Dmitry"]
[Black "Sivuk, Vitaly"]
[Result "1/2-1/2"]
[WhiteElo "2534"]
[BlackElo "2559"]
[PlyCount "20"]
[EventDate "2019.09.21"]
[EventType "team-tourn"]
[EventRounds "9"]
[EventCountry "ROU"]
[SourceTitle "EXT 2020"]
[Source "ChessBase"]
[SourceDate "2019.10.17"]
[SourceVersion "1"]
[SourceVersionDate "2019.10.17"]
[SourceQuality "1"]
[WhiteTeam "Iasi Politehnica"]
[BlackTeam "Arad Acs Vados"]
[WhiteTeamCountry "ROU"]
[BlackTeamCountry "ROU"]

1. d4 Nf6 2. c4 e6 3. Nf3 d5 4. e3 dxc4 5. Bxc4 c5 6. 0-0 a6 7. a4 Nc6 8. Nc3 Be7 9. Qe2 cxd4 10. exd4 0-0 1/2-1/2

[Event "ROM-chT"]
[Site "Mamaia"]
[Date "2019.09.26"]
[Round "6.2"]
[White "Svetushkin, Dmitry"]
[Black "Pisu, Robert Daniel"]
[Result "1-0"]
[WhiteElo "2534"]
[BlackElo "2244"]
[PlyCount "63"]
[EventDate "2019.09.21"]
[EventType "team-tourn"]
[EventRounds "9"]
[EventCountry "ROU"]
[SourceTitle "EXT 2020"]
[Source "ChessBase"]
[SourceDate "2019.10.17"]
[SourceVersion "1"]
[SourceVersionDate "2019.10.17"]
[SourceQuality "1"]
[WhiteTeam "Iasi Politehnica"]
[BlackTeam "Galati Acs Pro Logos"]
[WhiteTeamCountry "ROU"]
[BlackTeamCountry "ROU"]

1. e4 e5 2. Nf3 Nc6 3. Bb5 Nf6 4. d3 Bc5 5. Bxc6 dxc6 6. Nbd2 Be6 7. 0-0 Nd7 8. Nb3 Bd6 9. Na5 Rb8 10. a3 c5 11. Be3 0-0 12. c3 c6 13. b4 Qc7 14. Ng5 Rbe8 15. g3 b6 16. Nxe6 Rxe6 17. Nc4 Kh8 18. Rc1 Ree8 19. Qg4 cxb4 20. cxb4 c5 21. h4 cxb4 22. Nxb6 Nf6 23. Qf5 Qb8 24. Nc4 bxa3 25. h5 Bb4 26. h6 Re6 27. hxg7+ Kxg7 28. d4 Rfe8 29. d5 Ra6 30. f4 exf4 31. Bd4 h6 32. Rxf4 1-0

[Event "ROM-chT"]
[Site "Mamaia"]
[Date "2019.09.22"]
[Round "2.4"]
[White "Svetushkin, Dmitry"]
[Black "Miron, Lucian Costin"]
[Result "1/2-1/2"]
[WhiteElo "2534"]
[BlackElo "2490"]
[PlyCount "134"]
[EventDate "2019.09.21"]
[EventType "team-tourn"]
[EventRounds "9"]
[EventCountry "ROU"]
[SourceTitle "EXT 2020"]
[Source "ChessBase"]
[SourceDate "2019.10.17"]
[SourceVersion "1"]
[SourceVersionDate "2019.10.17"]
[SourceQuality "1"]
[WhiteTeam "Iasi Politehnica"]
[BlackTeam "Timisoara Vest Univ"]
[WhiteTeamCountry "ROU"]
[BlackTeamCountry "ROU"]

1. e4 e6 2. d4 d5 3. Nc3 Nf6 4. Bg5 dxe4 5. Nxe4 Be7 6. Bxf6 gxf6 7. Nf3 f5 8. Nc3 a6 9. Qe2 b5 10. 0-0-0 b4 11. Na4 Qd5 12. Kb1 Nd7 13. b3 Bb7 14. Qd2 0-0-0 15. Bc4 Qa5 16. Qe3 Rhg8 17. d5 exd5 18. Qxe7 dxc4 19. Qxf7 cxb3 20. axb3 Rgf8 21. Qxh7 Nf6 22. Qh4 Ne4 23. Ng5 Nd2+ 24. Kb2 Qe5+ 25. Ka2 Qf6 26. Qf4 Bxg2 27. Rhg1 Ne4 28. h4 Qc6 29. Rxd8+ Rxd8 30. Qxf5+ Kb7 31. Rc1 Rd2 32. Kb2 Rxf2 33. Qe5 Qf6 34. Qxf6 Nxf6 35. Nc5+ Kb6 36. Nd3 Rf5 37. Rg1 Bb7 38. Ne6 Nd5 39. Rg6 Ka7 40. Nd4 Rh5 41. Rg4 Ne3 42. Rf4 Nd5 43. Rg4 Ne3 44. Rf4 a5 45. Ne6 Nd5 46. Rg4 Rh6 47. Nec5 Bc6 48. Ne5 Bb5 49. Nc4 Bxc4 50. Rxc4 Rg6 51. Na4 c6 52. Kc1 Kb7 53. Kd2 Kc7 54. Ke2 Kd6 55. Kf3 Rf6+ 56. Kg3 Rf5 57. Re4 Nf6 58. Re3 Kd5 59. Nb6+ Kd4 60. Rd3+ Ke4 61. Nc4 Nh5+ 62. Kg4 Nf6+ 63. Kg3 Nh5+ 64. Kg4 Nf6+ 65. Kg3 Nh5+ 66. Kg4 Nf6+ 67. Kg3 Rc5 1/2-1/2